MDQL
is popping MORE tags! Check the
thread
!
Quizzes
Events
Quiz Creation
Community
Videos
Private Events
Remove Ads
Sign In
Join for FREE
Feedback
Dark Mode
Quiz Categories
Sports
Geography
Music
Movies
Television
Just For Fun
Miscellaneous
History
Literature
Language
Science
Gaming
Entertainment
Religion
Holiday
For Kids
Quiz Lab
Recent
Popular Today
Quiz Kudos Today
Editor Picks
Curator Picks
Quizzes by...
Day
Popularity
Type
Ratings
Length
Year
Community
Subscriptions
Recent Discussions
Orange Saloon
Badges
Playlists
Quests
Create
Leaderboards
Showdown
Live 5
Trivia Bingo
Activity
Puzzle Library
Sporcle Events
Private Events
Virtual Trivia
Globe League
Become a Host
Pub Owners
SporcleCon
Opinionation
Our Games
Videos
Blog
Mobile Apps
Partnerships
Remove Ads and Go Orange
Feedback
Music
Pop Music
The Beatles
Song
Album
Lyrics
Bands
Singers
Artist
Clip
Rock
Rap
Classical
Billboard
Country Music
Kpop
Taylor Swift
Music
Pop Music
The Beatles
Song
Album
Lyrics
Bands
Singers
Artist
Clip
Rock
Rap
Classical
Billboard
Country Music
Kpop
Taylor Swift
Random Quiz
Search Sporcle
×
Quiz Lab
Quiz Lab
Music
Drake
Type in answers that appear in a list
Type in answers that appear in a list
Classic
Best Score? Go Orange.
Forever- Drake Lyrics Stats
Can you name the Forever- Drake Lyrics?
By
ibbyibsta
10m
151 Questions
2,983 Plays
2,983 Plays
2,983 Plays
Comments
Comments
Give Quiz Kudos
Give Quiz Kudos
-
- Ratings
hide this ad
Replay
Link that replays current quiz
Next Quiz
Link to next quiz in quiz playlist
You Got
0%
They Got
Avg Score
69%
Avg Friend Score
Upgrade to see
Score Distribution
Jump to the score distribution portion of the page
Score
0/151
Timer
10:00
0
Plays Today
% Correct
I
97.7%
I
97.7%
I
97.7%
I
97.7%
I
97.7%
I
97.7%
a
93.5%
the
93.5%
a
93.5%
the
93.5%
the
93.5%
and
93.5%
the
93.5%
the
93.5%
a
93.5%
the
93.5%
a
93.5%
a
93.5%
a
93.5%
nothin
87.6%
to
87.6%
to
87.6%
to
87.6%
an
85.7%
an
85.7%
ever
84.5%
it
83.1%
first
81.3%
first
81.3%
name
81.2%
name
81.2%
name
81.2%
name
81.2%
me
81.1%
me
81.1%
Last
80.9%
like
80.5%
like
80.5%
like
80.5%
greatest
80.3%
but
80%
ain't
79.8%
ain't
79.8%
with
79.7%
play
79.4%
ankle
79.1%
all
79%
all
79%
boy
78.6%
sprained
78.1%
know
77.7%
% Correct
know
77.7%
know
77.7%
on
77.4%
started
76.3%
of
75.9%
local
75.1%
basis
74.8%
off
74.1%
off
74.1%
thanks
74%
haters
73.8%
we
73.5%
you
72.5%
you
72.5%
you
72.5%
you
72.5%
for
71%
in
70.2%
in
70.2%
****
68.3%
got
68.1%
got
68.1%
got
68.1%
nemo
67.3%
find
64.9%
be
64.8%
she
64.3%
she
64.3%
my
64.2%
my
64.2%
G4
64.2%
at
64%
at
64%
come
63.5%
ball
63.5%
pilots
63.1%
money
62.9%
want
62.4%
class
61.9%
would
61.9%
would
61.9%
would
61.9%
that
61.8%
that
61.8%
album
61.7%
who
61.7%
who
61.7%
outcome
60.2%
more
60.1%
one
60%
chemo
59.8%
% Correct
if
59.2%
if
59.2%
did
59.1%
mixtape
59%
i'm
59%
sounded
58.9%
thought
58.9%
without
58.7%
drop
58.4%
country
58.3%
tour
57.8%
deal
57.7%
X
57.5%
wide
57.3%
have
57.1%
was
56.2%
city
56%
****
55.7%
club
55.3%
everybody
55.3%
about
55%
business
54.3%
witness
54%
bitches
54%
hitlist
53.6%
these
53.5%
Malcolm
53.3%
had
52.9%
least
52.9%
rappers
52.9%
faded
52.4%
killing
52.3%
labels
51.8%
is
51.5%
part
51.5%
swear
50.7%
forgiveness
50.5%
this
50.5%
asking
50.3%
been
50.3%
yeah
49.8%
swimming
49.4%
everyone
46.5%
your
45.6%
doubted
45.3%
brown
44.6%
nino
41.2%
besides
39%
insists
38.9%
Quiz Playlist
Details
Report
Send in Message
Add To Playlist
Classic:
Type in answers that appear in a list
Last Updated: Feb 16, 2017
Quiz Scoreboard
CHALLENGE
Sign Up to Join the Scoreboard
Show All
Scores
Hide
Comments
May contain spoilers
Recently Published
Two Season TV Shows II
by 123Four
Television
10m
Image Sorting: Flags VI
by Barbecue
Geography
2m
Find the 'City' Movie
by crazypaving
Movies
60s
More to Explore
Quiz From the Vault
Featured Blog Post
14 Easter Pick-up Lines to Find Eggs With
hide this ad
You Might Also Like...
Tags
Drake
Today's Top Quizzes in Music
Browse Music
hide this ad
Today's Top Quizzes in Drake
Browse Drake
Top Contributed Quizzes in Music
1
5X2 Blitz: Bands II
2
5X2 Blitz: The Beatles
3
Taylor Swift All Songs (2024)
4
5X2 Blitz: Billboard
5
5X2 Blitz: Billboard II
6
5X2 Blitz: Album
7
5X2 Blitz: Rock
8
5X2 Blitz: Singers
9
Music Artist by Three 2010s hits
10
5X2 Blitz: Lyrics
Explore More
Trending Topics
Anime
Crossword
Kpop
Marvel
Harry Potter
Disney
NBA
Puzzle
WWE
Country
Soccer
Song
The Office
Pokémon
NFL
hide this ad
More By:
ibbyibsta
Quiz
Plays
Rating
Category
Featured
Created
Forever- Drake Lyrics
2,983
2.00
Music
Mar 3, 2012
Name The Rap Artists In These Songs
335
3.50
Music
Mar 27, 2012
Match The Rap Albums To Artists
315
5.00
Music
Dec 10, 2012
Magna Carta Holy Grail
59
5.00
Music
Aug 15, 2013
Go to Creator's Profile
Score Distribution
Quiz Creator Spotlight
ibbyibsta
Follow
Send a Message
Quizzes Created
-
Created Quiz Play Count
-
More By This Creator
Popular Quizzes Today
1
Colored Red Africa Blitz
2
Find the US States - No Outlines Minefield
3
Find the 'City' Movie
4
5x2 Blitz: Bands
5
The Countries of the World
6
Find the US States
7
Find the Countries of Europe - No Outlines Minefield
8
US States
More Music Quizzes
Don’t Judge an Album by Its Cover
Published
Trending Quizzes
Colored Red Europe Blitz I
Colored Red Africa Blitz II
Colored Red Europe Blitz II
Colored Red Africa Blitz III
Colored Red Europe Blitz III
Recently Updated
How Do You Spell That?
pecheneg
Godzilla Movies
pecheneg
Grab Bag: 4-10 Letters
pecheneg
2024 March Madness Bracket
pecheneg
Famous TV Couples
Peacemaker
Champions League XIs: Real Madrid
pecheneg
Largest US Cities 1790-2010
pecheneg
Rides in Walt Disney World
pecheneg
Most Oscar Losses (Acting)
pecheneg
Beyoncé Albums
pecheneg
Trending Topics
NBA
Anime
Kpop
Disney
Crossword
Marvel
Harry Potter
Pokémon
Song
Soccer
The Office
Country
Puzzle
WWE
NFL
Your Account Isn't Verified!
In order to create a playlist on Sporcle, you need to verify the email address you used during registration. Go to your
Sporcle Settings
to finish the process.
Report this User
Report this user for behavior that violates our
Community Guidelines
.
Details:
Send Report
Go to the Sporcle.com Mobile Site →
Comments